XI International conference on microwave ferrities, 16-20 October, 1992 (Запись № 8893612)

Подробности
000 -МАРКЕР
контрольное поле 01942nam1a22003011i 4500
001 - ИДЕНТИФИКАТОР ЗАПИСИ
контрольное поле RU\INFOCOMM_318\NLR\5000075972
005 - ИДЕНТИФИКАТОР ВЕРСИИ
контрольное поле 20241103082610.0
035 ## - ДРУГИЕ СИСТЕМНЫЕ НОМЕРА
Идентификатор записи (NLR Aleph) 009532026
100 ## - ДАННЫЕ ОБЩЕЙ ОБРАБОТКИ
Данные общей обработки 20121129d1993 |||y0rusy50 ba
101 0# - ЯЗЫК РЕСУРСА
Язык текста, звукозаписи и т.д. английский
102 ## - СТРАНА ПУБЛИКАЦИИ ИЛИ ПРОИЗВОДСТВА
Страна публикации Российская Федерация
105 ## - ПОЛЕ КОДИРОВАННЫХ ДАННЫХ: ТЕКСТОВЫЕ МАТЕРИАЛЫ, МОНОГРАФИЧЕСКИЕ
Кодированные данные о монографическом текстовом документе y z |||||
200 1# - ЗАГЛАВИЕ И СВЕДЕНИЯ ОБ ОТВЕТСТВЕННОСТИ
Основное заглавие XI International conference on microwave ferrities, 16-20 October, 1992
Параллельное заглавие XI Международная конференция по гиромагнитной электронике и электродинамике, 16-20 октября 1992 г.
Сведения, относящиеся к заглавию Proceedings
Язык параллельного заглавия русский
Первые сведения об ответственности М-во науки, высш. школы и техн. политики Рос. Федерации, М-во образования Украины, Моск. энергет. ин-т, Симферопол. гос. ун-т, Бюро междунар. семинара по гиромагнитной электронике и электродинамике
210 ## - ПУБЛИКАЦИЯ, РАСПРОСТРАНЕНИЕ И ДР.
Место издания, распространения и т.д. Москва
Имя издателя, распространителя и т. д. МЭИ
Дата издания, распространения и т.д. 1993
215 ## - ФИЗИЧЕСКАЯ ХАРАКТЕРИСТИКА
Размеры 19 см
300 ## - ОБЩИЕ ПРИМЕЧАНИЯ
Текст примечания В вып. дан.: XI Международная конференция по гиромагнитной электронике и электродинамике
300 ## - ОБЩИЕ ПРИМЕЧАНИЯ
Текст примечания Рез. в конце докл.
510 1# - ПАРАЛЛЕЛЬНОЕ ЗАГЛАВИЕ
Параллельное заглавие XI Международная конференция по гиромагнитной электронике и электродинамике, 16-20 октября 1992 г.
Язык заглавия русский
606 ## - НАИМЕНОВАНИЕ ТЕМЫ КАК ПРЕДМЕТ
Наименование темы Электродинамика
Формальный подзаголовок Съезды, совещания и т. п.
Системный номер авторитетной/нормативной записи 895145
Идентификатор авторитетной/нормативной записи RU\NLR\AUTH\664262
606 ## - НАИМЕНОВАНИЕ ТЕМЫ КАК ПРЕДМЕТ
Наименование темы Электродинамика
Формальный подзаголовок Съезды, совещания и т. п.
Системный номер авторитетной/нормативной записи 895145
Идентификатор авторитетной/нормативной записи RU\NLR\AUTH\664262
686 ## - ИНДЕКСЫ ДРУГИХ КЛАССИФИКАЦИЙ
Индекс З843.514-1я431
Код системы
686 ## - ИНДЕКСЫ ДРУГИХ КЛАССИФИКАЦИЙ
Индекс З840.4я431
Код системы
710 12 - НАИМЕНОВАНИЕ ОРГАНИЗАЦИИ - ПЕРВИЧНАЯ ОТВЕТСТВЕННОСТЬ
Начальный элемент ввода International conference on microwave ferrites
Порядковый номер временной организации и / или порядковый номер ее части 11
Место проведения временной организации Moscow
Дата проведения временной организации 1992
Код отношения Автор
801 #1 - ИСТОЧНИК ЗАПИСИ
Страна Российская Федерация
Организация NLR
Дата составления 20121129
801 #0 - ИСТОЧНИК ЗАПИСИ
Страна Российская Федерация
Организация INFOCOMM
Правила каталогизации PSBO
852 ## - МЕСТОНАХОЖДЕНИЕ И ШИФР ХРАНЕНИЯ
Идентификатор организации NLR
Шифр хранения (Call Number) Т95 Д-3/347
942 ## - ДОПОЛНИТЕЛЬНЫЕ ЭЛЕМЕНТЫ ЗАПИСИ (АБИС)
Тип экземпляра АБИС Книга

Нет доступных экземпляров.